00640nam a22001697a 4500003000900000008004100009040007100050082001800121100002000139245002900159260005800188300002800246505013400274650002200408650002700430650001300457AR-CdUCM190313b ||||| |||| 00| 0 spa d aMUNICIPALIDAD PROVINCIAL DEL CUSCOcBIBLIOTECA MUNICIPAL DEL CUSCO a869.7 /bP538 aPhelps, Anthony aLa Béliére Caraibe / aLa Habana :bEdiciones Casa de las Américas,c1980. a131 páginas ;c18 cm. aContenido: Esquisses en prologue -- Nomade je fus -- Vacance de Paupiéres -- Automne de L´oeil -- Capitaine de mes douleurs... aPoesía francesa aCasa de las Américas aSiglo XX